| 000 | 00474nam a2200181Ia 4500 | ||
|---|---|---|---|
| 003 | LK-CoDNM | ||
| 005 | 20240826151842.0 | ||
| 008 | 010623t xxu||||| |||| 00| 1 eng d | ||
| 040 |
_aLK-CoDNM _dLK-CoDNM _eLK-CoDNM |
||
| 041 | _aeng | ||
| 080 |
_a22 _bK34 |
||
| 100 | _aAiyangar, S. Krishnaswami | ||
| 245 | _aEvolution of Hindu Administrative Institutions in South India | ||
| 260 | _bUniversity of Madras | ||
| 300 | _b38p. : 26 cm | ||
| 650 | _aIndia | ||
| 942 | _cBK | ||
| 999 |
_c134352 _d134352 |
||